Holiday Quiz

Random Holiday or Celebrity Quiz

Who Am I? Santa Claus Quiz Stats

 Plays Quiz not verified by Sporcle

Score 0/18 Timer 06:00
1 Play Today
% Correct
Donald Trump
89%
Clint Eastwood
88%
Sean Connery
81.6%
Jack Black
81.3%
John Travolta
73.4%
George Clooney
71.7%
Kanye West
70.5%
Samuel L. Jackson
69.6%
George Bush
67.7%
% Correct
Robert De Niro
66.6%
Kim Jong Un
63.9%
Jack Nicholson
58.9%
Prince Charles
53.4%
Bill Clinton
50.1%
Bernie Sanders
41%
Abraham Lincoln
33.5%
Jeb Bush
31.2%
Danny Devito
28.4%

You're not logged in!

Compare scores with friends on all Sporcle quizzes.
OR
Log In

Show Comments

Extras

Created Nov 17, 2018ReportNominate
Tags:Celebrity Quiz, Slideshow

Top Quizzes Today


Score Distribution

Your Account Isn't Verified!

In order to create a playlist on Sporcle, you need to verify the email address you used during registration. Go to your Sporcle Settings to finish the process.

Report this User

Report this user for behavior that violates our Community Guidelines.

Details: